[Event "Mittelfranken Mitte-ch"]
[Site "Nuremberg"]
[Date "2020.01.05"]
[Round "4.5"]
[White "Diebel, Guenter"]
[Black "Mantel, Ruben"]
[Result "0-1"]
[WhiteElo "1842"]
[BlackElo "2138"]
[PlyCount "28"]
[EventDate "2020.01.03"]
[EventType "swiss"]
[EventRounds "7"]
[EventCountry "GER"]
[SourceTitle "EXT 2023"]
[Source "ChessBase"]
[SourceDate "2022.10.05"]
[SourceVersion "1"]
[SourceVersionDate "2022.10.05"]
[SourceQuality "1"]

1. e4 c5 2. Nc3 Nc6 3. Nf3 g6 4. d4 cxd4 5. Nxd4 Bg7 6. Be3 Nf6 7. Nxc6 bxc6 8. Qd2 Qa5 9. Bh6 Bxh6 10. Qxh6 Rb8 11. Rb1 Nxe4 12. Qg7 Rf8 13. Qd4 Nxc3 14. b4 Qxa2 0-1

[Event "Mittelfranken Mitte-ch"]
[Site "Nuremberg"]
[Date "2020.01.04"]
[Round "3.1"]
[White "Mantel, Ruben"]
[Black "Saathoff, Richard"]
[Result "0-1"]
[WhiteElo "2138"]
[BlackElo "2117"]
[PlyCount "48"]
[EventDate "2020.01.03"]
[EventType "swiss"]
[EventRounds "7"]
[EventCountry "GER"]
[SourceTitle "EXT 2023"]
[Source "ChessBase"]
[SourceDate "2022.10.05"]
[SourceVersion "1"]
[SourceVersionDate "2022.10.05"]
[SourceQuality "1"]

1. d4 Nf6 2. Nf3 g6 3. g3 Bg7 4. Bg2 0-0 5. c4 d6 6. 0-0 Nbd7 7. Nc3 e5 8. a3 c6 9. d5 Qe7 10. dxc6 bxc6 11. e4 Nc5 12. Qc2 Rb8 13. b4 Ne6 14. Qa4 Nd4 15. Rb1 Be6 16. Rd1 Bg4 17. Nxd4 exd4 18. Rxd4 Nd7 19. e5 Nxe5 20. Bf4 Nf3+ 21. Bxf3 Bxd4 22. Bxg4 Bxc3 23. Qxc6 Rbd8 24. Rd1 Qf6 0-1

[Event "Youth District Germany"]
[Site "Wuerzburg"]
[Date "2018.10.05"]
[Round "4.2"]
[White "Mantel, Ruben"]
[Black "Steffens, Oliver"]
[Result "1-0"]
[WhiteElo "2101"]
[BlackElo "1960"]
[PlyCount "88"]
[EventDate "2018.10.02"]
[EventType "team-swiss"]
[EventRounds "7"]
[EventCountry "GER"]
[SourceTitle "CBM 186 Extra"]
[Source "ChessBase"]
[SourceDate "2018.08.24"]
[SourceVersion "1"]
[SourceVersionDate "2018.08.24"]
[SourceQuality "1"]
[WhiteTeam "Bayern U20 II"]
[BlackTeam "Niedersachsen/SG Bremen U20"]
[WhiteTeamCountry "GER"]
[BlackTeamCountry "GER"]

1. d4 Nf6 2. Nc3 d5 3. Bf4 c5 4. e3 a6 5. dxc5 Nc6 6. Nf3 e6 7. Na4 Bxc5 8. Nxc5 Qa5+ 9. c3 Qxc5 10. h3 0-0 11. Bd3 Re8 12. Ne5 Ne4 13. Qh5 Re7 14. Rd1 f5 15. Bxe4 Nxe5 16. Bxe5 fxe4 17. 0-0 Bd7 18. Rd4 Rf7 19. Bg3 Bb5 20. Rc1 Bd3 21. f4 Rf5 22. Qd1 e5 23. fxe5 Rf1+ 24. Qxf1 Bxf1 25. Rxf1 Rf8 26. Rxf8+ Kxf8 27. c4 dxc4 28. e6 Ke7 29. Rxe4 b5 30. Re5 Qc6 31. e4 h6 32. h4 Qd6 33. Kh2 Qd4 34. h5 b4 35. Bh4+ Ke8 36. Rd5 Qb6 37. e7 Qc7+ 38. Kh1 Qd7 39. Rxd7 Kxd7 40. Be1 a5 41. a3 c3 42. Bxc3 bxc3 43. bxc3 Kxe7 44. Kh2 Ke6 1-0

[Event "GER-ch U16"]
[Site "Willingen"]
[Date "2018.05.20"]
[Round "1"]
[White "Stork, Oliver"]
[Black "Mantel, Ruben"]
[Result "0-1"]
[WhiteElo "2157"]
[BlackElo "2004"]
[PlyCount "76"]
[EventDate "2018.05.19"]
[EventType "swiss"]
[EventRounds "9"]
[EventCountry "GER"]
[SourceTitle "CBM 184 Extra"]
[Source "ChessBase"]
[SourceDate "2018.06.28"]
[SourceVersion "1"]
[SourceVersionDate "2018.06.28"]
[SourceQuality "1"]

1. c4 c5 2. g3 Nf6 3. Bg2 d5 4. cxd5 Nxd5 5. Nc3 Nc7 6. Nf3 Nc6 7. 0-0 e5 8. a3 Be7 9. b4 0-0 10. bxc5 Bxc5 11. Bb2 f5 12. Na4 Bd6 13. d4 e4 14. Ne5 Qe7 15. Nxc6 bxc6 16. Qc2 Ba6 17. Rfe1 Rab8 18. f3 Nd5 19. Nc5 Bxc5 20. dxc5 Ne3 21. Qc1 f4 22. Bd4 Nxg2 23. Kxg2 Bxe2 24. gxf4 Bxf3+ 25. Kg3 Qe6 26. Rg1 Qg4+ 27. Kf2 Qh4+ 28. Kf1 Bg4 29. Be5 Qh3+ 30. Ke1 Rb3 31. Qc4+ Rf7 32. Rxg4 Re3+ 33. Kd2 Rd3+ 34. Kc2 Qxh2+ 35. Kc1 Qd2+ 36. Kb1 Qd1+ 37. Ka2 Qxg4 38. Qxe4 Qe6+ 0-1

[Event "Bayernliga U20 1718"]
[Site "Bayern"]
[Date "2018.03.10"]
[Round "6.1"]
[White "Mantel, Ruben"]
[Black "Leeb, Simon"]
[Result "0-1"]
[WhiteElo "2005"]
[BlackElo "2198"]
[PlyCount "102"]
[EventDate "2017.11.18"]
[EventType "team-tourn"]
[EventRounds "7"]
[EventCountry "GER"]
[SourceTitle "EXT 2022"]
[Source "ChessBase"]
[SourceDate "2021.10.06"]
[SourceVersion "1"]
[SourceVersionDate "2021.10.06"]
[SourceQuality "1"]
[WhiteTeam "Nuernberg Noris Tarrasch U20"]
[BlackTeam "Muenchen Suedost U20"]
[WhiteTeamCountry "GER"]
[BlackTeamCountry "GER"]

1. d4 d5 2. Bf4 Nf6 3. e3 Nbd7 4. Nd2 g6 5. h3 Bg7 6. Bd3 0-0 7. Ngf3 c5 8. c3 b6 9. 0-0 Bb7 10. Ne5 Nh5 11. Bh2 Nxe5 12. dxe5 Bh6 13. f4 f6 14. Qg4 fxe5 15. Qe6+ Kh8 16. Qxe5+ Bg7 17. Qg5 e6 18. Nf3 Nf6 19. Rad1 a6 20. Ne5 Nd7 21. Nxg6+ hxg6 22. Qxg6 Nf6 23. f5 Qe8 24. fxe6 Qxg6 25. Bxg6 Rfe8 26. Bxe8 Rxe8 27. c4 Rxe6 28. cxd5 Nxd5 29. Rf5 Rxe3 30. Rfxd5 Bxd5 31. Rxd5 Re2 32. Rd8+ Kh7 33. Rd7 Kg8 34. Rd8+ Kf7 35. Rd7+ Kf8 36. Bd6+ Kg8 37. Rd8+ Kf7 38. Rd7+ Kg6 39. Bc7 Bd4+ 40. Kh2 b5 41. Rd6+ Kf5 42. Rxa6 Rxb2 43. Ra3 c4 44. Rf3+ Ke6 45. a3 Rb3 46. Kg3 c3 47. Bf4 Be5 48. Re3 c2 49. Rxb3 c1Q 50. Bxe5 Qe1+ 51. Kg4 Qd1+ 0-1

[Event "Bayernliga U20 1718"]
[Site "Bayern"]
[Date "2018.01.27"]
[Round "5.1"]
[White "Mantel, Ruben"]
[Black "Lichtmannecker, Daniel"]
[Result "1/2-1/2"]
[WhiteElo "2005"]
[BlackElo "1887"]
[PlyCount "55"]
[EventDate "2017.11.18"]
[EventType "team-tourn"]
[EventRounds "7"]
[EventCountry "GER"]
[SourceTitle "EXT 2022"]
[Source "ChessBase"]
[SourceDate "2021.10.06"]
[SourceVersion "1"]
[SourceVersionDate "2021.10.06"]
[SourceQuality "1"]
[WhiteTeam "Nuernberg Noris Tarrasch U20"]
[BlackTeam "Ergolding FC U20"]
[WhiteTeamCountry "GER"]
[BlackTeamCountry "GER"]

1. d4 e6 2. Nf3 Nf6 3. Bf4 b6 4. e3 Bb7 5. Bd3 Be7 6. Nbd2 c5 7. c3 Nh5 8. Bg3 Nxg3 9. hxg3 g6 10. Ne5 Bf6 11. Ndf3 Qc7 12. Ng4 Bg7 13. e4 h5 14. Ne3 d6 15. Rc1 Nd7 16. 0-0 0-0 17. d5 e5 18. Nh4 Qd8 19. Qe1 Bf6 20. Nf3 Bc8 21. Nd2 a6 22. f4 Bg7 23. Ndc4 Qc7 24. b4 b5 25. Na5 c4 26. Be2 Re8 27. f5 Nf6 28. Bf3 1/2-1/2

[Event "Nuremberg Zabo op 19th"]
[Site "Nuremberg"]
[Date "2017.09.16"]
[Round "3"]
[White "Mantel, Ruben"]
[Black "Miller, Eduard"]
[Result "0-1"]
[WhiteElo "1975"]
[BlackElo "2305"]
[PlyCount "114"]
[EventDate "2017.09.15"]
[EventType "swiss"]
[EventRounds "5"]
[EventCountry "GER"]
[SourceTitle "EXT 2022"]
[Source "ChessBase"]
[SourceDate "2021.10.06"]
[SourceVersion "1"]
[SourceVersionDate "2021.10.06"]
[SourceQuality "1"]

1. d4 Nf6 2. Bf4 g6 3. Nc3 d5 4. e3 Bg7 5. h4 h5 6. Nf3 0-0 7. Be2 c5 8. Nb5 Nc6 9. Nc7 e5 10. dxe5 Qxc7 11. exf6 Qa5+ 12. c3 Bxf6 13. Bg5 Bxg5 14. Nxg5 d4 15. exd4 cxd4 16. 0-0 dxc3 17. bxc3 Qxc3 18. Rc1 Qd4 19. g3 Qxd1 20. Rfxd1 Bf5 21. Bf3 Rfd8 22. Re1 Rd6 23. Rc5 Rad8 24. Bxh5 Nd4 25. Bd1 f6 26. Nf3 Ne6 27. Bb3 Kf8 28. Rc3 b6 29. h5 gxh5 30. Nh4 Nd4 31. Nxf5 Nxf5 32. Rc7 R6d7 33. Rc6 Kg7 34. Kg2 Nd4 35. Rc4 Nxb3 36. axb3 Kg6 37. Ra1 Rd3 38. Rxa7 Rxb3 39. Rb7 Rb2 40. Rf4 Rd5 41. Rb8 Rbb5 42. Rg8+ Kf7 43. Rb8 Re5 44. Kh2 Ke7 45. Kg2 Re6 46. Rd4 Rd6 47. Rc4 Ke6 48. Rf4 Kd5 49. Rh4 Kc6 50. Rf4 Ra5 51. Rf8 b5 52. R8xf6 Rxf6 53. Rxf6+ Kc5 54. Rf8 b4 55. f4 b3 56. Kf2 Kc4 57. Ke2 b2 0-1

[Event "Zirndorf Cup"]
[Site "Zirndorf"]
[Date "2017.09.02"]
[Round "5"]
[White "Mantel, Ruben"]
[Black "Grabmeier, Johannes"]
[Result "1/2-1/2"]
[WhiteElo "1939"]
[BlackElo "1955"]
[PlyCount "117"]
[EventDate "2017.08.30"]
[EventType "swiss"]
[EventRounds "7"]
[EventCountry "GER"]
[SourceTitle "CBM 180 Extra"]
[Source "ChessBase"]
[SourceDate "2017.10.06"]
[SourceVersion "1"]
[SourceVersionDate "2017.10.06"]
[SourceQuality "1"]

1. e4 d5 2. Nc3 d4 3. Nce2 e5 4. Nf3 Nc6 5. Ng3 Be6 6. Bb5 f6 7. 0-0 Bc5 8. d3 Nge7 9. Nh5 0-0 10. Nh4 Qd7 11. Ng3 g5 12. Nhf5 Nxf5 13. exf5 Bxf5 14. Qf3 Bg6 15. h4 g4 16. Qe2 Rfe8 17. h5 Bf7 18. f3 Be6 19. fxg4 Bxg4 20. Qf2 Be7 21. Bh6 Kh8 22. Rae1 Qd8 23. Re4 Be6 24. Nf5 Bf8 25. Bd2 Bd5 26. Rg4 e4 27. dxe4 Rxe4 28. Rxe4 Bxe4 29. Nh6 Bxh6 30. Bxh6 f5 31. Bxc6 bxc6 32. Qg3 Qe7 33. Bg5 Rg8 34. Bxe7 Rxg3 35. Rf2 Kg8 36. Bf6 c5 37. Kf1 c6 38. Be5 Rg4 39. g3 Kf7 40. Ke2 Ke6 41. Bb8 a6 42. Kd2 c4 43. h6 Rg8 44. Bf4 Rd8 45. c3 d3 46. Rh2 Bf3 47. Rf2 Be2 48. Rh2 Rd7 49. Rf2 Rb7 50. Kc1 Rb5 51. Rh2 Ra5 52. Kb1 Kd5 53. Rf2 Ke4 54. Bd2 Bf3 55. Bf4 Be2 56. Bd2 Bf3 57. Bf4 Rd5 58. Kc1 Ra5 59. Kb1 1/2-1/2

[Event "Zirndorf Cup"]
[Site "Zirndorf"]
[Date "2017.08.31"]
[Round "2"]
[White "Miller, Eduard"]
[Black "Mantel, Ruben"]
[Result "1-0"]
[WhiteElo "2332"]
[BlackElo "1939"]
[PlyCount "43"]
[EventDate "2017.08.30"]
[EventType "swiss"]
[EventRounds "7"]
[EventCountry "GER"]
[SourceTitle "CBM 180 Extra"]
[Source "ChessBase"]
[SourceDate "2017.10.06"]
[SourceVersion "1"]
[SourceVersionDate "2017.10.06"]
[SourceQuality "1"]

1. Nf3 d5 2. g3 Nf6 3. Bg2 e6 4. 0-0 Be7 5. d3 0-0 6. Nbd2 b5 7. e4 Bb7 8. e5 Nfd7 9. Re1 Nb6 10. h4 c5 11. Nf1 Na6 12. N1h2 d4 13. Ng5 Bxg2 14. Kxg2 c4 15. Qh5 Qd5+ 16. f3 h6 17. Ng4 Nd7 18. Nxh6+ gxh6 19. Qxh6 Bxg5 20. Qxg5+ Kh7 21. Qh5+ Kg8 22. Bh6 1-0

[Event "Zirndorf Cup"]
[Site "Zirndorf"]
[Date "2017.08.30"]
[Round "1"]
[White "Mantel, Ruben"]
[Black "Gupta, Monik"]
[Result "1-0"]
[WhiteElo "1939"]
[BlackElo "1526"]
[PlyCount "39"]
[EventDate "2017.08.30"]
[EventType "swiss"]
[EventRounds "7"]
[EventCountry "GER"]
[SourceTitle "CBM 180 Extra"]
[Source "ChessBase"]
[SourceDate "2017.10.06"]
[SourceVersion "1"]
[SourceVersionDate "2017.10.06"]
[SourceQuality "1"]

1. e4 e5 2. Bc4 Nf6 3. Nc3 Nc6 4. d3 Bc5 5. a3 a5 6. Be3 Qe7 7. Nge2 Bxe3 8. fxe3 Ng4 9. Nd5 Qh4+ 10. g3 Qd8 11. Nec3 d6 12. Qf3 Be6 13. Nxc7+ Qxc7 14. Bxe6 Nxe3 15. Bb3 Nxc2+ 16. Bxc2 Nd4 17. Ba4+ Kd8 18. Qg4 g6 19. Nd5 Qc8 20. Qg5+ 1-0

[Event "GER-ch U25-A"]
[Site "Willingen"]
[Date "2017.06.08"]
[Round "7"]
[White "Mantel, Ruben"]
[Black "Wissing, Philipp"]
[Result "1-0"]
[WhiteElo "1994"]
[BlackElo "1747"]
[PlyCount "53"]
[EventDate "2017.06.04"]
[EventType "swiss"]
[EventRounds "9"]
[EventCountry "GER"]
[SourceTitle "CBM 178 Extra"]
[Source "ChessBase"]
[SourceDate "2017.06.22"]
[SourceVersion "1"]
[SourceVersionDate "2017.06.22"]
[SourceQuality "1"]

1. d4 Nf6 2. Nf3 d5 3. Bf4 Bf5 4. c4 c6 5. Qb3 Qb6 6. c5 Qxb3 7. axb3 Nbd7 8. Nc3 Nh5 9. Be3 h6 10. h3 Bh7 11. g4 Nhf6 12. Bf4 Ne4 13. e3 Nxc3 14. bxc3 Be4 15. Be2 e5 16. Bh2 Be7 17. 0-0 exd4 18. cxd4 0-0 19. b4 Rfc8 20. Nd2 Bh7 21. b5 cxb5 22. Bxb5 Nb8 23. Bxb8 Rcxb8 24. c6 a6 25. cxb7 Ra7 26. Bxa6 Bb4 27. Rfc1 1-0

[Event "GER-ch U25-A"]
[Site "Willingen"]
[Date "2017.06.05"]
[Round "3"]
[White "Mantel, Ruben"]
[Black "Nasoyan, Maksim"]
[Result "1-0"]
[WhiteElo "1994"]
[BlackElo "1854"]
[PlyCount "67"]
[EventDate "2017.06.04"]
[EventType "swiss"]
[EventRounds "9"]
[EventCountry "GER"]
[SourceTitle "CBM 178 Extra"]
[Source "ChessBase"]
[SourceDate "2017.06.22"]
[SourceVersion "1"]
[SourceVersionDate "2017.06.22"]
[SourceQuality "1"]

1. e4 g6 2. Nc3 Bg7 3. g3 d6 4. Bg2 Nf6 5. d3 0-0 6. f4 Nc6 7. Nf3 Nh5 8. 0-0 Bg4 9. h3 Bxf3 10. Qxf3 Nd4 11. Qf2 c5 12. g4 Nf6 13. f5 e6 14. g5 Nh5 15. f6 Bh8 16. Be3 Qb6 17. Rab1 Qa5 18. h4 h6 19. a3 Nc6 20. Bf3 Ne5 21. Bxh5 gxh5 22. Kh1 Ng4 23. Qf3 Kh7 24. Rg1 Rg8 25. Ne2 c4 26. d4 hxg5 27. d5 gxh4 28. Nf4 exd5 29. Nxd5 Rg6 30. Qf5 Qd8 31. Qxh5+ Nh6 32. Rxg6 fxg6 33. Qxh6+ Kg8 34. Qxg6+ 1-0

[Event "GER-ch U25-A"]
[Site "Willingen"]
[Date "2017.06.04"]
[Round "2"]
[White "Hecht, Carsten"]
[Black "Mantel, Ruben"]
[Result "1-0"]
[WhiteElo "2207"]
[BlackElo "1994"]
[PlyCount "67"]
[EventDate "2017.06.04"]
[EventType "swiss"]
[EventRounds "9"]
[EventCountry "GER"]
[SourceTitle "CBM 178 Extra"]
[Source "ChessBase"]
[SourceDate "2017.06.22"]
[SourceVersion "1"]
[SourceVersionDate "2017.06.22"]
[SourceQuality "1"]

1. e4 c5 2. Nf3 Nc6 3. d4 cxd4 4. Nxd4 Nf6 5. Nc3 e5 6. Ndb5 d6 7. Bg5 a6 8. Na3 b5 9. Nd5 Be7 10. Bxf6 Bxf6 11. c4 b4 12. Nc2 Rb8 13. Be2 0-0 14. b3 Bg5 15. 0-0 f5 16. Bf3 f4 17. Qd3 Bh6 18. Rfd1 g5 19. h3 Kh8 20. a3 bxa3 21. b4 Rg8 22. Rxa3 Rg6 23. b5 axb5 24. cxb5 Ne7 25. Bh5 Re6 26. Ncb4 Nxd5 27. exd5 e4 28. Qb1 Re5 29. Nc6 Qb6 30. Nxe5 dxe5 31. Qxe4 Bg7 32. d6 Bb7 33. Qc2 e4 34. Qc7 1-0

[Event "Mittelfranken-chTB1 1617"]
[Site "Mittelfranken"]
[Date "2017.03.05"]
[Round "7.2"]
[White "Mantel, Ruben"]
[Black "Grimm, Pascal"]
[Result "1-0"]
[WhiteElo "1975"]
[BlackElo "1994"]
[PlyCount "113"]
[EventDate "2016.10.23"]
[EventType "team-tourn"]
[EventRounds "9"]
[EventCountry "GER"]
[SourceTitle "EXT 2022"]
[Source "ChessBase"]
[SourceDate "2021.10.06"]
[SourceVersion "1"]
[SourceVersionDate "2021.10.06"]
[SourceQuality "1"]
[WhiteTeam "Nuernberg Zabo Eintracht"]
[BlackTeam "Postbauer Heng"]
[WhiteTeamCountry "GER"]
[BlackTeamCountry "GER"]

1. e4 e6 2. d4 d5 3. exd5 exd5 4. Bd3 c5 5. c3 Nc6 6. Nf3 Bd6 7. dxc5 Bxc5 8. 0-0 Nge7 9. Nbd2 0-0 10. Nb3 Bb6 11. Re1 Bf5 12. Be3 Bc7 13. Nbd4 Bg6 14. Bg5 Re8 15. Bxg6 hxg6 16. Qb3 Qd7 17. Rad1 a6 18. Bh4 Rad8 19. Re2 Qd6 20. Bg3 Qd7 21. Bxc7 Qxc7 22. Rde1 Nxd4 23. Nxd4 Qd7 24. g3 Nf5 25. Nxf5 Rxe2 26. Rxe2 gxf5 27. Rd2 f4 28. Rd3 Qf5 29. Qd1 Rd6 30. Qf3 Rf6 31. Qxd5 fxg3 32. Qxf5 gxh2+ 33. Kxh2 Rxf5 34. Kg3 Rb5 35. b4 Kh7 36. Rd7 Kg6 37. a4 Rb6 38. Kf4 Kf6 39. Ke4 Ke6 40. Rc7 g6 41. Kd4 a5 42. Kc5 Rd6 43. Rxb7 axb4 44. cxb4 Rd5+ 45. Kc6 Rf5 46. a5 Rxf2 47. a6 f5 48. a7 Ra2 49. Kb6 f4 50. Rb8 f3 51. a8Q Rxa8 52. Rxa8 g5 53. Kc6 Ke5 54. b5 g4 55. b6 f2 56. b7 f1Q 57. Re8+ 1-0

[Event "Mittelfranken Mitte-ch"]
[Site "Nuremberg"]
[Date "2017.01.07"]
[Round "4"]
[White "Adelhuette, Dennis"]
[Black "Mantel, Ruben"]
[Result "1/2-1/2"]
[WhiteElo "1962"]
[BlackElo "1949"]
[PlyCount "58"]
[EventDate "2017.01.05"]
[EventType "swiss"]
[EventRounds "7"]
[EventCountry "GER"]
[SourceTitle "EXT 2018"]
[Source "ChessBase"]
[SourceDate "2017.10.13"]
[SourceVersion "1"]
[SourceVersionDate "2017.10.13"]
[SourceQuality "1"]

1. d4 Nf6 2. c4 e6 3. Nc3 d5 4. Nf3 Be7 5. e3 0-0 6. Qc2 Nbd7 7. c5 c6 8. Bd3 Qc7 9. 0-0 e5 10. dxe5 Nxe5 11. Nxe5 Qxe5 12. Ne2 h6 13. Nd4 Qh5 14. b4 Ng4 15. h3 Ne5 16. Be2 Qh4 17. f4 Ng6 18. Bb2 Bf6 19. Nf3 Qg3 20. Bxf6 Bxh3 21. Ne1 Qxe3+ 22. Kh1 Bf5 23. Qxf5 Qxe2 24. Rf3 gxf6 25. Qxf6 Qe6 26. Qc3 Qf5 27. Nc2 Kh7 28. Ne3 Qe4 29. Ng4 d4 1/2-1/2

[Event "Mittelfranken Mitte-ch"]
[Site "Nuremberg"]
[Date "2017.01.07"]
[Round "3"]
[White "Mantel, Ruben"]
[Black "Thuerauf, Peter"]
[Result "1-0"]
[WhiteElo "1949"]
[BlackElo "1842"]
[PlyCount "65"]
[EventDate "2017.01.05"]
[EventType "swiss"]
[EventRounds "7"]
[EventCountry "GER"]
[SourceTitle "EXT 2018"]
[Source "ChessBase"]
[SourceDate "2017.10.13"]
[SourceVersion "1"]
[SourceVersionDate "2017.10.13"]
[SourceQuality "1"]

1. e4 c5 2. Nc3 Nc6 3. g3 g6 4. Bg2 Bg7 5. d3 d6 6. Be3 e6 7. Qd2 Nge7 8. Bh6 0-0 9. h4 Bxh6 10. Qxh6 f6 11. 0-0-0 Kh8 12. Nge2 Rf7 13. d4 cxd4 14. Nxd4 Nxd4 15. Rxd4 d5 16. exd5 e5 17. Rdd1 Bg4 18. f3 Bd7 19. g4 Qa5 20. Kb1 b5 21. Ne4 Qb6 22. Qd2 Rc8 23. g5 Bf5 24. Bh3 Bxh3 25. Rxh3 f5 26. Nf6 h5 27. d6 Nc6 28. Qd5 Kg7 29. Rhh1 Kf8 30. d7 Rd8 31. Qe6 Qb7 32. Rd6 Nd4 33. Qe8+ 1-0

[Event "Mittelfranken-chTB1 1617"]
[Site "Mittelfranken"]
[Date "2016.11.27"]
[Round "3.2"]
[White "Mantel, Ruben"]
[Black "Justen, Detlef"]
[Result "1/2-1/2"]
[WhiteElo "1975"]
[BlackElo "2086"]
[PlyCount "80"]
[EventDate "2016.10.23"]
[EventType "team-tourn"]
[EventRounds "9"]
[EventCountry "GER"]
[SourceTitle "EXT 2022"]
[Source "ChessBase"]
[SourceDate "2021.10.06"]
[SourceVersion "1"]
[SourceVersionDate "2021.10.06"]
[SourceQuality "1"]
[WhiteTeam "Nuernberg Zabo Eintracht"]
[BlackTeam "Gunzenhausen"]
[WhiteTeamCountry "GER"]
[BlackTeamCountry "GER"]

1. d4 d6 2. Nf3 g6 3. b3 Bg7 4. Bb2 c5 5. e3 Nf6 6. Nbd2 0-0 7. dxc5 dxc5 8. Bc4 Nc6 9. 0-0 Qc7 10. Qe2 b6 11. e4 Nh5 12. Bxg7 Nxg7 13. e5 Be6 14. Rfe1 Rad8 15. c3 Bxc4 16. Nxc4 Ne6 17. h4 h6 18. Qe3 Kg7 19. h5 g5 20. Qe4 Nf4 21. g3 Nd5 22. Ne3 Nxe3 23. Qxe3 e6 24. g4 Rd5 25. Rad1 Rfd8 26. Rxd5 Rxd5 27. Kg2 Qd7 28. Nxg5 Rxe5 29. Ne4 f5 30. gxf5 Rxf5 31. Rg1 Kh7 32. Ng3 Qd5+ 33. Kh2 Rg5 34. f4 Rg7 35. Qe2 Qd8 36. Qxe6 Qh4+ 37. Qh3 Qxf4 38. Rf1 Qd2+ 39. Kh1 Qd5+ 40. Kh2 Qd2+ 1/2-1/2

[Event "Mittelfranken-chTB1 1617"]
[Site "Mittelfranken"]
[Date "2016.11.13"]
[Round "2.2"]
[White "Alsheimer, Christoph"]
[Black "Mantel, Ruben"]
[Result "0-1"]
[WhiteElo "2202"]
[BlackElo "1975"]
[PlyCount "36"]
[EventDate "2016.10.23"]
[EventType "team-tourn"]
[EventRounds "9"]
[EventCountry "GER"]
[SourceTitle "EXT 2022"]
[Source "ChessBase"]
[SourceDate "2021.10.06"]
[SourceVersion "1"]
[SourceVersionDate "2021.10.06"]
[SourceQuality "1"]
[WhiteTeam "Bechhofen"]
[BlackTeam "Nuernberg Zabo Eintracht"]
[WhiteTeamCountry "GER"]
[BlackTeamCountry "GER"]

1. e4 c5 2. d4 cxd4 3. c3 d5 4. exd5 Qxd5 5. cxd4 e5 6. dxe5 Qxd1+ 7. Kxd1 Nc6 8. Bf4 Nge7 9. Bb5 Bg4+ 10. f3 0-0-0+ 11. Nd2 Bf5 12. Rc1 Nd5 13. Bg5 f6 14. exf6 Nxf6 15. Bxc6 bxc6 16. Bxf6 gxf6 17. Rxc6+ Kb7 18. Rxf6 Bb4 0-1

[Event "Mittelfranken-chTB1 1617"]
[Site "Mittelfranken"]
[Date "2016.10.23"]
[Round "1.2"]
[White "Mantel, Ruben"]
[Black "Greul, Hans"]
[Result "0-1"]
[WhiteElo "1975"]
[BlackElo "1986"]
[PlyCount "75"]
[EventDate "2016.10.23"]
[EventType "team-tourn"]
[EventRounds "9"]
[EventCountry "GER"]
[SourceTitle "EXT 2022"]
[Source "ChessBase"]
[SourceDate "2021.10.06"]
[SourceVersion "1"]
[SourceVersionDate "2021.10.06"]
[SourceQuality "1"]
[WhiteTeam "Nuernberg Zabo Eintracht"]
[BlackTeam "Muehlhof/Schwabach"]
[WhiteTeamCountry "GER"]
[BlackTeamCountry "GER"]

1. e4 e6 2. d4 d5 3. exd5 exd5 4. Bd3 Nf6 5. Nc3 Bb4 6. Nge2 0-0 7. Bg5 Bg4 8. f3 Bh5 9. Qd2 Nbd7 10. 0-0-0 c6 11. Nf4 Qa5 12. Kb1 Bg6 13. Nxg6 hxg6 14. h4 c5 15. h5 cxd4 16. h6 Bxc3 17. Qf2 Qb6 18. b3 Nh7 19. hxg7 Nxg5 20. gxf8Q+ Nxf8 21. Qg3 Ngh7 22. a4 Qb4 23. Ka2 a6 24. Rxh7 Nxh7 25. Rh1 Qf8 26. f4 Qg7 27. f5 g5 28. Qd6 Nf6 29. Qb6 Re8 30. Qxb7 a5 31. Qc6 Rd8 32. Qb6 Rf8 33. Qc6 Re8 34. Qb6 Ne4 35. Qc6 Rd8 36. Qb6 Qf6 37. Qb5 Bb4 38. g4 0-1

[Event "Nuremberg Zabo op 18th"]
[Site "Nuremberg"]
[Date "2016.09.17"]
[Round "3"]
[White "Diebel, Guenter"]
[Black "Mantel, Ruben"]
[Result "0-1"]
[WhiteElo "1738"]
[BlackElo "1924"]
[PlyCount "60"]
[EventDate "2016.09.16"]
[EventType "swiss"]
[EventRounds "5"]
[EventCountry "GER"]
[SourceTitle "EXT 2018"]
[Source "ChessBase"]
[SourceDate "2017.10.13"]
[SourceVersion "1"]
[SourceVersionDate "2017.10.13"]
[SourceQuality "1"]

1. e4 e6 2. Nf3 d5 3. exd5 exd5 4. d4 Bd6 5. Nc3 Ne7 6. Bd3 Bg4 7. h3 Bh5 8. g4 Bg6 9. Bg5 c6 10. Bxg6 hxg6 11. Qe2 0-0 12. 0-0-0 Nd7 13. h4 Re8 14. h5 Qc7 15. Qd3 Bf4+ 16. Kb1 Bxg5 17. Nxg5 Qf4 18. Nf3 b5 19. Rdg1 b4 20. Ne2 Qe4 21. Qxe4 dxe4 22. Nh4 g5 23. Ng2 Nd5 24. Rh3 N7f6 25. Ne3 Rad8 26. Kc1 Nf4 27. Nxf4 gxf4 28. g5 fxe3 29. gxf6 exf2 30. Rxg7+ Kh8 0-1

[Event "EU Union-ch U14"]
[Site "Kouty nad Desnou"]
[Date "2016.08.11"]
[Round "6"]
[White "Mantel, Ruben"]
[Black "Gresova, Zuzana"]
[Result "1-0"]
[WhiteElo "1962"]
[BlackElo "1810"]
[PlyCount "63"]
[EventDate "2016.08.06"]
[EventType "swiss"]
[EventRounds "9"]
[EventCountry "CZE"]
[SourceTitle "CBM 174 Extra"]
[Source "ChessBase"]
[SourceDate "2016.10.10"]
[SourceVersion "1"]
[SourceVersionDate "2016.10.10"]
[SourceQuality "1"]

1. e4 c5 2. Nc3 d6 3. g3 Nc6 4. Bg2 g6 5. d3 Bg7 6. Be3 e5 7. Qd2 Nge7 8. Bh6 0-0 9. h4 f5 10. Bxg7 Kxg7 11. Nge2 Nd4 12. h5 f4 13. hxg6 Nxg6 14. Nxd4 cxd4 15. Nd5 Bg4 16. f3 Be6 17. gxf4 Nxf4 18. Nxf4 Rxf4 19. 0-0-0 Rc8 20. Bh3 Bxh3 21. Rxh3 Rh4 22. Qg2+ Kf7 23. Rg1 Rxc2+ 24. Kxc2 Qc8+ 25. Kb1 Qxh3 26. Qg8+ Kf6 27. Qd8+ Ke6 28. a3 Rh6 29. Rg7 Qh1+ 30. Ka2 Qh4 31. Qd7+ Kf6 32. Qe7# 1-0

[Event "EU Union-ch U14"]
[Site "Kouty nad Desnou"]
[Date "2016.08.08"]
[Round "3"]
[White "Palii, Alex"]
[Black "Mantel, Ruben"]
[Result "1-0"]
[WhiteElo "1737"]
[BlackElo "1962"]
[PlyCount "39"]
[EventDate "2016.08.06"]
[EventType "swiss"]
[EventRounds "9"]
[EventCountry "CZE"]
[SourceTitle "CBM 174 Extra"]
[Source "ChessBase"]
[SourceDate "2016.10.10"]
[SourceVersion "1"]
[SourceVersionDate "2016.10.10"]
[SourceQuality "1"]

1. e4 c5 2. c3 d5 3. exd5 Qxd5 4. Nf3 Nc6 5. d4 cxd4 6. cxd4 e6 7. Nc3 Bb4 8. Bd3 Nf6 9. 0-0 Bxc3 10. bxc3 0-0 11. Re1 b6 12. Ne5 Bb7 13. f3 Rfd8 14. Bg5 Rac8 15. Qd2 Nxd4 16. cxd4 Qxd4+ 17. Kh1 Rd5 18. Bxf6 gxf6 19. Qh6 f5 20. Ng4 1-0